Pays frontaliers à la Serbie en 1914 - Statistiques

Statistiques générales
  • Ce quiz a été pris 51 fois
    39 depuis la dernière actualisation
  • Le résultat moyen est 5 sur 6
Statistiques - réponses
Réponse % Correct
Royaume de Grèce
94%
Principauté d'Albanie
85%
Royaume de Bulgarie
85%
Royaume de Roumanie
85%
Empire d'Autriche-Hongrie
82%
Royaume du Monténégro
67%
Aucun quiz correspondant
Distribution des résultats
% des personnes avec chaque résultat
Percentile par nombre de réponses
Votre historique - résultats
Vous n’avez pas pris ce quiz depuis la dernière actualisation